{"text_format":"3","workbook":"xlsx","n_sheets":2,"sheets":["Sheet2","Sheet3"],"read":"whole","date_system":"1900"}

{"sheet":"Sheet2","index":0,"n_rows":95,"n_cols":8,"rows_kept":95,"merged":[[0,0,2,0],[0,1,2,1],[0,2,2,2],[0,3,2,3],[0,4,2,4],[0,5,2,5],[0,6,2,6],[0,7,2,7],[94,4,94,5]]}
["序号","产品名称","货物名称及规格型号","单位","单价（元）","数量","合计","税率"]
[]
[]
[1,"糊涂","500g*12瓶/件","件",{"v":450,"d":"￥450.00"},15,{"$f":"E4*F4","v":{"v":6750,"d":"￥6,750.00"}},{"v":0.13,"d":"13%"}]
[2,"伤口涂补剂","500g/ 瓶*24 瓶/箱","箱",{"v":480,"d":"￥480.00"},10,{"$f":"E5*F5","v":{"v":4800,"d":"￥4,800.00"}},{"v":0.13,"d":"13%"}]
[3,"施它活","1L*10 袋/桶","桶",{"v":240,"d":"￥240.00"},50,{"$f":"E6*F6","v":{"v":12000,"d":"￥12,000.00"}},{"v":0.13,"d":"13%"}]
[4,"能力多","1L*12 袋/桶","桶",{"v":180,"d":"￥180.00"},20,{"$f":"E7*F7","v":{"v":3600,"d":"￥3,600.00"}},{"v":0.09,"d":"9%"}]
[5,"抑制蒸腾剂 ","1000ml/12瓶/箱","箱",{"v":480,"d":"￥480.00"},5,{"v":2400,"d":"￥2,400.00"},{"v":0.09,"d":"9%"}]
[6,"植缘（20%赤霉酸）","60 支/盒","盒",{"v":600,"d":"￥600.00"},2,{"v":1200,"d":"￥1,200.00"},{"v":0.09,"d":"9%"}]
[7,"黄白绿（4%铁*3%锌*3.5% 硼 *0.1% 钼*0.07%铜*0.5%锰）","50 克/ 100袋/箱","箱",{"v":1200,"d":"￥1,200.00"},2,{"v":2400,"d":"￥2,400.00"},{"v":0.09,"d":"9%"}]
[8,"防冻液","1L/12瓶 /箱","箱",{"v":480,"d":"￥480.00"},5,{"v":2400,"d":"￥2,400.00"},{"v":0.09,"d":"9%"}]
[9,"树动力套餐","(300ml+2ml)*20 套/件","件",{"v":680,"d":"￥680.00"},5,{"v":3400,"d":"￥3,400.00"},{"v":0.13,"d":"13%"}]
[10,"5%吲哚•萘乙酸可溶液剂"," 100ml/40瓶/箱","箱",{"v":1600,"d":"￥1,600.00"},1,{"v":1600,"d":"￥1,600.00"},{"v":0.09,"d":"9%"}]
[11,"植根源(5%奈乙酸水剂）","1L*12 瓶/箱","箱",{"v":780,"d":"￥780.00"},5,{"v":3900,"d":"￥3,900.00"},{"v":0.09,"d":"9%"}]
[12,"根盼（5%吲丁*萘乙酸）","200 毫 升/20 瓶/箱","箱",{"v":2400,"d":"￥2,400.00"},5,{"v":12000,"d":"￥12,000.00"},{"v":0.09,"d":"9%"}]
[13,"强力生根粉","500克/ 20袋/箱","箱",{"v":400,"d":"￥400.00"},10,{"v":4000,"d":"￥4,000.00"},{"v":0.09,"d":"9%"}]
[14,"园动力","5L/2 桶 /箱","箱",{"v":360,"d":"￥360.00"},5,{"v":1800,"d":"￥1,800.00"},{"v":0.09,"d":"9%"}]
[15,"（健致）精甲霜灵5%，噁霉灵25%）","100毫升*25瓶/箱","箱",{"v":880,"d":"￥880.00"},10,{"v":8800,"d":"￥8,800.00"},{"v":0.09,"d":"9%"}]
[16,"地爱（噁霉灵 30%）","100 毫 升*40 瓶/箱","箱",{"v":800,"d":"￥800.00"},10,{"v":8000,"d":"￥8,000.00"},{"v":0.09,"d":"9%"}]
[17,"英纳（多菌灵 16%，代森锰锌 34%）","500 克*20袋/件","件",{"v":880,"d":"￥880.00"},10,{"v":8800,"d":"￥8,800.00"},{"v":0.09,"d":"9%"}]
[18,"卓圃（2%吡丙•23%噻唪酮）","200 毫 升*20 瓶/件","件",{"v":700,"d":"￥700.00"},5,{"v":3500,"d":"￥3,500.00"},{"v":0.09,"d":"9%"}]
[19,"银泰（代森锌 80%）","200 克*50袋/箱","箱",{"v":750,"d":"￥750.00"},5,{"v":3750,"d":"￥3,750.00"},{"v":0.09,"d":"9%"}]
[20,"绿青（腐霉利 50%）","50 克*100袋/箱","箱",{"v":1000,"d":"￥1,000.00"},2,{"v":2000,"d":"￥2,000.00"},{"v":0.09,"d":"9%"}]
[21,"静白特（50%二氯异氰尿酸钠）","500 克*20袋/件","件",{"v":1200,"d":"￥1,200.00"},1,{"v":1200,"d":"￥1,200.00"},{"v":0.09,"d":"9%"}]
[22,"三唑酮（20%乳油）","200 毫 升*20 瓶/件","件",{"v":500,"d":"￥500.00"},10,{"v":5000,"d":"￥5,000.00"},{"v":0.09,"d":"9%"}]
[23,"25%多菌灵","200 克/50 袋","袋",{"v":500,"d":"￥500.00"},10,{"v":5000,"d":"￥5,000.00"},{"v":0.09,"d":"9%"}]
[24,"50%多菌灵","200 克/50袋/箱","箱",{"v":600,"d":"￥600.00"},5,{"v":3000,"d":"￥3,000.00"},{"v":0.09,"d":"9%"}]
[25,"80%代森锰锌","200 克/50袋/箱","箱",{"v":600,"d":"￥600.00"},10,{"v":6000,"d":"￥6,000.00"},{"v":0.09,"d":"9%"}]
[26,"绿杀（58%甲霜*锰锌）","500 克/20袋/箱","箱",{"v":900,"d":"￥900.00"},2,{"v":1800,"d":"￥1,800.00"},{"v":0.09,"d":"9%"}]
[27,"健歌2%噻虫啉微襄悬浮剂","1kg/12瓶/箱","箱",{"v":900,"d":"￥900.00"},1,{"v":900,"d":"￥900.00"},{"v":0.09,"d":"9%"}]
[28,"康圃（20%戊唑，10%吡唑醚酯）","100 毫/50瓶/箱","箱",{"v":1500,"d":"￥1,500.00"},25,{"v":37500,"d":"￥37,500.00"},{"v":0.09,"d":"9%"}]
[29,"碧来（40%百菌清悬浮剂）","200 克/袋*20瓶/箱","箱",{"v":440,"d":"￥440.00"},5,{"v":2200,"d":"￥2,200.00"},{"v":0.09,"d":"9%"}]
[30,"秀功（1.8%辛菌胺醋盐水剂）","1L/12 瓶/箱","箱",{"v":650,"d":"￥650.00"},2,{"v":1300,"d":"￥1,300.00"},{"v":0.09,"d":"9%"}]
[31,"景翠（30%丙环唑*苯醚甲环唑）","100 克/40瓶/箱","箱",{"v":1400,"d":"￥1,400.00"},20,{"v":28000,"d":"￥28,000.00"},{"v":0.09,"d":"9%"}]
[32,"粉飞飞(43%戊唑醇)","500ml/20瓶/箱","箱",{"v":500,"d":"￥500.00"},50,{"v":25000,"d":"￥25,000.00"},{"v":0.09,"d":"9%"}]
[33,"33%春雷•喹啉铜悬浮剂","100 克/袋*50瓶/箱","箱",{"v":1250,"d":"￥1,250.00"},5,{"v":6250,"d":"￥6,250.00"},{"v":0.09,"d":"9%"}]
[34,"根腐净（8%多菌灵*42%福美双）","200 克/袋*40 袋/箱","箱",{"v":800,"d":"￥800.00"},5,{"v":4000,"d":"￥4,000.00"},{"v":0.09,"d":"9%"}]
[35,"腐霉清（15%甲霜.噁霉灵）","200ml/20瓶/箱","箱",{"v":550,"d":"￥550.00"},5,{"v":2750,"d":"￥2,750.00"},{"v":0.09,"d":"9%"}]
[36,"褐斑清（5%霉）","200ml/20瓶/箱","箱",{"v":440,"d":"￥440.00"},10,{"$f":"E39*F39","v":{"v":4400,"d":"￥4,400.00"}},{"v":0.09,"d":"9%"}]
[37,"碧谱（30%盐酸吗啉胍）","200ml/20瓶/箱","箱",{"v":660,"d":"￥660.00"},3,{"v":1980,"d":"￥1,980.00"},{"v":0.09,"d":"9%"}]
[38,"45%咪鲜胺悬浮剂（炭疽清）","200ml/ 袋*40 瓶/箱","箱",{"v":800,"d":"￥800.00"},5,{"v":4000,"d":"￥4,000.00"},{"v":0.09,"d":"9%"}]
[39,"40%多*福（根腐净）","200 克/袋*40 袋/箱","箱",{"v":1280,"d":"￥1,280.00"},10,{"v":12800,"d":"￥12,800.00"},{"v":0.09,"d":"9%"}]
[40,"70%甲基硫菌灵","200克/袋*50袋/箱","箱",{"v":950,"d":"￥950.00"},5,{"v":4750,"d":"￥4,750.00"},{"v":0.09,"d":"9%"}]
[41,"润尔甲（98%磷酸二氢钾）","100 克/100 袋 /箱","箱",{"v":380,"d":"￥380.00"},3,{"v":1140,"d":"￥1,140.00"},{"v":0.09,"d":"9%"}]
[42,"硫酸亚铁","500 克*20瓶/箱","箱",{"v":360,"d":"￥360.00"},5,{"v":1800,"d":"￥1,800.00"},{"v":0.13,"d":"13%"}]
[43,"石硫合剂","1000克/瓶","瓶",{"v":12,"d":"￥12.00"},50,{"v":600,"d":"￥600.00"},{"v":0.09,"d":"9%"}]
[44,"防蛀液剂（0.3%氯菊酯）","20ml/6支/10 盒/件","件",{"v":360,"d":"￥360.00"},2,{"v":720,"d":"￥720.00"},{"v":0.09,"d":"9%"}]
[45,"圃安（22%阿维*螺螨酯悬浮剂）","100ml*40瓶/件","件",{"v":1320,"d":"￥1,320.00"},5,{"v":6600,"d":"￥6,600.00"},{"v":0.09,"d":"9%"}]
[46,"乐克（5.7%甲维盐微乳剂）","100ml*50瓶/件","件",{"v":2000,"d":"￥2,000.00"},5,{"v":10000,"d":"￥10,000.00"},{"v":0.09,"d":"9%"}]
[47,"依它（10%丙溴*35%辛硫磷）","200ml*20瓶/件","件",{"v":480,"d":"￥480.00"},35,{"v":16800,"d":"￥16,800.00"},{"v":0.09,"d":"9%"}]
[48,"必治（5%啶虫脒*35%毒死蜱）","200g*20瓶/件","件",{"v":780,"d":"￥780.00"},30,{"v":23400,"d":"￥23,400.00"},{"v":0.09,"d":"9%"}]
[49,"丹功(3%噻虫唪颗粒剂)","10kg*桶","桶",{"v":300,"d":"￥300.00"},5,{"v":1500,"d":"￥1,500.00"},{"v":0.09,"d":"9%"}]
[50,"立克（12%噻嗪*高氯氟悬浮剂）","200 克/40袋/箱","箱",{"v":1200,"d":"￥1,200.00"},30,{"v":36000,"d":"￥36,000.00"},{"v":0.09,"d":"9%"}]
[51,"土杀（10%毒死蜱*30%辛硫磷）","200g*20瓶/件","件",{"v":480,"d":"￥480.00"},5,{"v":2400,"d":"￥2,400.00"},{"v":0.09,"d":"9%"}]
[52,"乐圃(95%矿物油助剂）","1L/15 瓶","瓶",{"v":780,"d":"￥780.00"},5,{"v":3900,"d":"￥3,900.00"},{"v":0.09,"d":"9%"}]
[53,"功尔（5%高效氯氰菊酯微乳剂）","200ml/40瓶/箱","箱",{"v":1000,"d":"￥1,000.00"},5,{"v":5000,"d":"￥5,000.00"},{"v":0.09,"d":"9%"}]
[54,"诺定清（6%四聚乙醛颗粒剂）","500 克*20袋/件","件",{"v":700,"d":"￥700.00"},2,{"v":1400,"d":"￥1,400.00"},{"v":0.09,"d":"9%"}]
[55,"500g/L异菌脲悬浮剂","1kg/10瓶/箱","箱",{"v":2300,"d":"￥2,300.00"},5,{"v":11500,"d":"￥11,500.00"},{"v":0.09,"d":"9%"}]
[56,"圃卫（80%敌敌畏乳油）","200 克/40袋/箱","箱",{"v":500,"d":"￥500.00"},10,{"v":5000,"d":"￥5,000.00"},{"v":0.09,"d":"9%"}]
[57,"钻无忧(4.5%高效氯氰菊酯)","1200ml/袋×10 袋/桶","桶",{"v":330,"d":"￥330.00"},100,{"v":33000,"d":"￥33,000.00"},{"v":0.09,"d":"9%"}]
[58,"钻无忧(4.5%高效氯氰菊酯)","100ml/ 瓶×35 瓶/箱","箱",{"v":330,"d":"￥330.00"},150,{"v":49500,"d":"￥49,500.00"},{"v":0.09,"d":"9%"}]
[59,"噻虫嗪12.6% • 高氯氟9.4%微囊悬浮剂  "," 100ml/50瓶/箱 ","箱",{"v":1200,"d":"￥1,200.00"},5,{"v":6000,"d":"￥6,000.00"},{"v":0.09,"d":"9%"}]
[60,"5%高效氯氟氰菊酯微乳剂 ","200ml/ 瓶×20 瓶/箱","箱",{"v":460,"d":"￥460.00"},50,{"v":23000,"d":"￥23,000.00"},{"v":0.09,"d":"9%"}]
[61,"7%联苯•噻虫嗪悬浮剂","200克/20瓶/箱","箱",{"v":480,"d":"￥480.00"},50,{"v":24000,"d":"￥24,000.00"},{"v":0.09,"d":"9%"}]
[62,"10%阿维•哒螨灵乳油 ","200ml/20瓶/箱 ","箱",{"v":400,"d":"￥400.00"},5,{"v":2000,"d":"￥2,000.00"},{"v":0.09,"d":"9%"}]
[63,"39%螺虫•噻唪铜悬浮剂 ","100克/50瓶/箱","箱",{"v":2200,"d":"￥2,200.00"},5,{"v":11000,"d":"￥11,000.00"},{"v":0.09,"d":"9%"}]
[64,"3.2%甲维盐•氯氰微乳剂"," 200克/20瓶/箱","箱",{"v":400,"d":"￥400.00"},5,{"v":2000,"d":"￥2,000.00"},{"v":0.09,"d":"9%"}]
[65,"5%毒•辛颗粒","1000克/10袋/箱","箱",{"v":220,"d":"￥220.00"},30,{"v":6600,"d":"￥6,600.00"},{"v":0.09,"d":"9%"}]
[66,"使它（15%毒死蜱，辛硫磷颗粒）","1000 克/10 袋/箱","箱",{"v":480,"d":"￥480.00"},5,{"v":2400,"d":"￥2,400.00"},{"v":0.09,"d":"9%"}]
[67,"秀剑套餐（喷雾防蛀干害虫）","10 套/箱","箱",{"v":2200,"d":"￥2,200.00"},10,{"v":22000,"d":"￥22,000.00"},{"v":0.09,"d":"9%"}]
[68,"48%毒死蜱乳油","200ml/ 瓶×20 瓶/箱","箱",{"v":480,"d":"￥480.00"},10,{"$f":"E71*F71","v":{"v":4800,"d":"￥4,800.00"}},{"v":0.09,"d":"9%"}]
[69,"10%吡虫啉水分散粒剂","200克/50瓶/箱","箱",{"v":980,"d":"￥980.00"},15,{"v":14700,"d":"￥14,700.00"},{"v":0.09,"d":"9%"}]
[70,"1%阿维•29%灭幼脲悬浮剂","200克/20瓶/箱","箱",{"v":500,"d":"￥500.00"},150,{"v":75000,"d":"￥75,000.00"},{"v":0.09,"d":"9%"}]
[71,"治蚁（8%高氯•残杀威悬浮剂）","200ml/ 20 瓶/箱","箱",{"v":600,"d":"￥600.00"},10,{"v":6000,"d":"￥6,000.00"},{"v":0.09,"d":"9%"}]
[72,"12%甲维盐• 虫螨腈","100克/50瓶/4盒/箱","箱",{"v":600,"d":"￥600.00"},20,{"v":12000,"d":"￥12,000.00"},{"v":0.09,"d":"9%"}]
[73,"40%毒死蜱乳油","200ml/20瓶/箱","箱",{"v":400,"d":"￥400.00"},10,{"v":4000,"d":"￥4,000.00"},{"v":0.09,"d":"9%"}]
[74,"甲刻（25%吡虫*25%杀虫单）","100克/10袋/箱","箱",{"v":2000,"d":"￥2,000.00"},2,{"v":4000,"d":"￥4,000.00"},{"v":0.09,"d":"9%"}]
[75,"安备（1%双硫磷）","500克/袋","袋",{"v":35,"d":"￥35.00"},5,{"v":175,"d":"￥175.00"},{"v":0.13,"d":"13%"}]
[76,"巨千（32%滴酸.草甘膦水剂）","1kg/12瓶/箱","箱",{"v":720,"d":"￥720.00"},5,{"v":3600,"d":"￥3,600.00"},{"v":0.09,"d":"9%"}]
[77,"50%丁草鞍","65ml/50瓶/箱","箱",{"v":260,"d":"￥260.00"},10,{"v":2600,"d":"￥2,600.00"},{"v":0.09,"d":"9%"}]
[78,"50%乙草胺","65ml/50瓶/箱","箱",{"v":250,"d":"￥250.00"},30,{"v":7500,"d":"￥7,500.00"},{"v":0.09,"d":"9%"}]
[79,"醉红（33%草甘*3%氯氟吡）","150 克/48瓶/箱","箱",{"v":800,"d":"￥800.00"},2,{"v":1600,"d":"￥1,600.00"},{"v":0.09,"d":"9%"}]
[80,"迅拿（2%乙羧*30%草甘膦）","150 克/40瓶/箱","箱",{"v":600,"d":"￥600.00"},2,{"v":1200,"d":"￥1,200.00"},{"v":0.09,"d":"9%"}]
[81,"菊斗（30%二氯吡啶酸水剂）","100ml*50瓶/件","件",{"v":2000,"d":"￥2,000.00"},2,{"v":4000,"d":"￥4,000.00"},{"v":0.09,"d":"9%"}]
[82,"25%啶嘧磺隆","4克/200袋/盒","盒",{"v":800,"d":"￥800.00"},2,{"v":1600,"d":"￥1,600.00"},{"v":0.09,"d":"9%"}]
[83,"均合迪（108 克/升高效氟吡甲禾灵）","100 亳 升/50 瓶/箱","箱",{"v":2000,"d":"￥2,000.00"},1,{"v":2000,"d":"￥2,000.00"},{"v":0.09,"d":"9%"}]
[84,"壹变静（24%乙氧氟草醚乳油）","100 亳 升/50 瓶/箱","箱",{"v":1000,"d":"￥1,000.00"},1,{"v":1000,"d":"￥1,000.00"},{"v":0.09,"d":"9%"}]
[85,"难锄（480 克/升三氯吡氧乙酸乳油）","100 克/50袋/箱","箱",{"v":1500,"d":"￥1,500.00"},1,{"v":1500,"d":"￥1,500.00"},{"v":0.09,"d":"9%"}]
[86,"焚草（200 克/升草铵膦）","200 毫 升/40 瓶/箱","箱",{"v":600,"d":"￥600.00"},2,{"v":1200,"d":"￥1,200.00"},{"v":0.09,"d":"9%"}]
[87,"朴绿","200ml/40瓶/盒","箱",{"v":1000,"d":"￥1,000.00"},10,{"v":10000,"d":"￥10,000.00"},{"v":0.09,"d":"9%"}]
[88,"水草静","550ml/20瓶/箱","箱",{"v":3200,"d":"￥3,200.00"},10,{"v":32000,"d":"￥32,000.00"},{"v":0.13,"d":"13%"}]
[89,"氯氟吡氧乙酸异辛酯","10毫升/600 袋 /箱","箱",{"v":1800,"d":"￥1,800.00"},1,{"v":1800,"d":"￥1,800.00"},{"v":0.09,"d":"9%"}]
[90,"思它灵(12%氨基酸水溶肥料)","100ml/40瓶/箱","箱",{"v":440,"d":"￥440.00"},10,{"v":4400,"d":"￥4,400.00"},{"v":0.09,"d":"9%"}]
[91,"雨阳(1.4%复硝酚钠)","25ml/150瓶/箱","箱",{"v":1500,"d":"￥1,500.00"},5,{"v":7500,"d":"￥7,500.00"},{"v":0.09,"d":"9%"}]
[{"$nulls":4},"合计：",null,null,{"v":768365,"d":"￥768,365.00"}]

{"sheet":"Sheet3","index":1,"n_rows":308,"n_cols":7,"rows_kept":308,"merged":[[0,0,2,0],[0,1,2,1],[0,2,2,2],[0,3,2,3],[0,4,2,4],[0,5,2,5]]}
["序号","产品名称","货物名称及规格型号","单位","单价（元）","数量"]
[]
[]
[1,"大树涂白（碳酸钙） 喷雾型","20kg/袋","袋",70,5000,{"$f":"E4*F4","v":350000}]
[2,"糊涂","500g*12瓶/件","件",450,10,4500]
[3,"伤口涂补剂","500g/ 瓶*24 瓶/箱","箱",480,5,2400]
[4,"施它活","1L*10 袋/桶","桶",240,50,12000]
[5,"能力多","1L*12 袋/桶","桶",180,50,9000]
[6,"抑制蒸腾剂 ","1000ml/12瓶/箱","箱",480,10,4800]
[7,"植缘（20%赤霉酸）","60 支/盒","盒",600,5,3000]
[8,"黄白绿（4%铁*3%锌*3.5% 硼 *0.1% 钼*0.07%铜*0.5%锰）","50 克/ 100袋/箱","箱",1200,3,3600]
[9,"防冻液","1L/12瓶 /箱","箱",480,5,2400]
[10,"树动力套餐","(300ml+2ml)*20 套/件","件",680,10,6800]
[11,"5%吲哚•萘乙酸可溶液剂"," 100ml/40瓶/箱","箱",1600,5,8000]
[12,"植根源(5%奈乙酸水剂）","1L*12 瓶/箱","箱",780,20,15600]
[13,"根盼（5%吲丁*萘乙酸）","200 毫 升/20 瓶/箱","箱",2400,5,12000]
[14,"强力生根粉","500克/ 20袋/箱","箱",400,5,2000]
[15,"园动力","5L/2 桶 /箱","箱",360,10,3600]
[16,"铁丝 8#",null,"斤",3,100,300]
[17,"铁丝 10#",null,"斤",3.2,300,960]
[18,"铁丝 12#",null,"斤",3.4,4000,13600]
[19,"铁丝 14#",null,"斤",3.5,15000,52500]
[20,"铁丝 16#",null,"斤",3.6,100,360]
[21,"铁丝 18#",null,"斤",3.8,50,190]
[22,"扎丝",null,"斤",3.8,50,190]
[23,"老虎刺","100 米/卷","卷",80,5,400]
[24,"老虎钳",null,"把",25,50,1250]
[25,"锂电钻","36V锂电池四电一充","台",380,2,760]
[26,"50米皮卷尺",null,"卷",65,5,325]
[27,"50钢皮卷尺",null,"卷",90,5,450]
[28,"量树尺","2 米/只","只",10,50,500]
[29,"大树吊绳3吨（圆形）","3 米/根","根",85,100,8500]
[30,"大树吊绳5吨（圆形）","4 米/根","根",220,20,4400]
[31,"大树吊绳6吨（圆形）","5 米/根","根",280,5,1400]
[32,"大树吊绳8吨（圆形）","6 米/根","根",400,2,800]
[33,"滑石粉","15 斤/袋","袋",8,300,2400]
[34,"铁锹（含柄）",null,"把",28,10,280]
[35,"软钢丝吊绳","6吨/6米/20毫米/根","根",240,2,480]
[36,"软钢丝吊绳","10吨8米/25毫米/根","根",320,2,640]
[37,"钢丝吊绳接扣","6吨/套","套",300,2,600]
[38,"钢丝吊绳接扣","10吨/套","套",420,2,840]
[39,"大树渗水透气施肥管 PE","70mm*75mm/根","根",11,1000,11000]
[40,"保温保温带单层","长 20m*宽12.5cm/卷","卷",6,500,3000]
[41,"裹树塑料薄膜","1 米 *100米/卷","卷",30,50,1500]
[42,"扶树尼龙绳子",null,"斤",15,50,750]
[43,"安全锥筒","800mm*45mm/个","个",20,200,4000]
[44,"反光绿化服（含印字）",null,"件",25,500,12500]
[45,"紧绳器","5cm/10 米/根","根",55,5,275]
[46,"安全带（双肩型）",null,"套",58,10,580]
[47,"抽水器",null,"根",25,10,250]
[48,"加厚带膜保温保湿带","长 20m*宽12.5cm/卷","卷",8,200,1600]
[49,"草绳","50 米/卷","卷",7,10000,70000]
[50,"树木支撑桩","直 径8cm*长3米/根","根",9,30000,270000]
[51,"稻壳","20 斤/袋","袋",20,2000,40000]
[52,"健致（精甲霜灵 5%，噁霉灵 25%）","200 毫 升 *20 瓶/箱","箱",800,10,8000]
[53,"地爱（噁霉灵 30%）","100 毫 升*40 瓶/箱","箱",800,3,2400]
[54,"英纳（多菌灵 16%，代森锰锌 34%）","500 克*20袋/件","件",880,20,17600]
[55,"卓圃（2%吡丙•23%噻唪酮）","200 毫 升*20 瓶/件","件",700,5,3500]
[56,"银泰（代森锌 80%）","200 克*50袋/箱","箱",750,5,3750]
[57,"绿青（腐霉利 50%）","50 克*100袋/箱","箱",1000,2,2000]
[58,"静白特（50%二氯异氰尿酸钠）","500 克*20袋/件","件",1200,5,6000]
[59,"三唑酮（20%乳油）","200 毫 升*20 瓶/件","件",500,20,10000]
[60,"25%多菌灵","200 克/50 袋","袋",500,10,5000]
[61,"50%多菌灵","200 克/50袋/箱","袋",600,20,12000]
[62,"80%代森锰锌","200 克/50袋/箱","袋",600,10,6000]
[63,"绿杀（58%甲霜*锰锌）","500 克/20袋/箱","箱",900,10,9000]
[64,"健歌2%噻虫啉微襄悬浮剂","1kg/12瓶/箱","箱",900,2,1800]
[65,"康圃（20%戊唑，10%吡唑醚酯）","100 毫/50瓶/箱","箱",1500,30,{"$f":"E68*F68","v":45000}]
[66,"碧来（40%百菌清悬浮剂）","200 克/袋*20瓶/箱","箱",440,5,2200]
[67,"秀功（1.8%辛菌胺醋盐水剂）","1L/12 瓶/箱","箱",650,5,3250]
[68,"景翠（30%丙环唑*苯醚甲环唑）","100 克/40瓶/箱","箱",1400,10,14000]
[69,"粉飞飞(43%戊唑醇)","500ml/20瓶/箱","箱",500,10,5000]
[70,"33%春雷•喹啉铜悬浮剂","100 克/袋*50瓶/箱","箱",1250,2,2500]
[71,"根腐净（8%多菌灵*42%福美双）","200 克/袋*40 袋/箱","箱",800,2,1600]
[72,"腐霉清（15%甲霜.噁霉灵）","200ml/20瓶/箱","箱",550,2,1100]
[73,"褐斑清（5%霉）","200ml/20瓶/箱","箱",440,3,1320]
[74,"碧谱（30%盐酸吗啉胍）","200ml/20瓶/箱","箱",660,3,1980]
[75,"45%咪鲜胺悬浮剂（炭疽清）","200ml/ 袋*40 瓶/箱","箱",800,2,1600]
[76,"40%多*福（根腐净）","200 克/袋*40 袋/箱","箱",1280,3,3840]
[77,"70%甲基硫菌灵","200克/袋*50袋/箱","箱",950,5,4750]
[78,"润尔甲（98%磷酸二氢钾）","100 克/100 袋 /箱","箱",380,5,1900]
[79,"硫酸亚铁","500 克*20瓶/箱","箱",360,5,1800]
[80,"石硫合剂","1000克/瓶","瓶",12,50,600]
[81,"硫酸铜","电镀级","斤",12,3000,36000]
[82,"工业盐","50kg/袋","袋",150,20,3000]
[83,"防蛀液剂（0.3%氯菊酯）","20ml/6支/10 盒/件","件",6,2,12]
[84,"卓圃（25%吡丙*噻虫酮悬浮剂）","200ml*20瓶/件","件",740,5,3700]
[85,"乐克（5.7%甲维盐微乳剂）","100ml*50瓶/件","件",1800,10,18000]
[86,"依它（10%丙溴*35%辛硫磷）","200ml*20瓶/件","件",480,100,48000]
[87,"必 治 （ 5% 啶 虫 脒*35%毒死蜱）","200g*20瓶/件","件",680,100,68000]
[88,"丹功(3%噻虫唪颗粒剂)","10kg*桶","桶",300,5,1500]
[89,"立克（12%噻嗪*高氯氟悬浮剂）","200 克/40袋/箱","箱",1200,50,60000]
[90,"土杀（10%毒死蜱*30%辛硫磷）","200g*20瓶/件","件",480,5,2400]
[91,"乐圃(95%矿物油助剂）","1L/15 瓶","瓶",780,5,3900]
[92,"功尔（5%高效氯氰菊酯微乳剂）","200ml/40瓶/箱","箱",1000,5,5000]
[93,"诺定清（6%四聚乙醛颗粒剂）","500 克*20袋/件","件",700,5,3500]
[94,"500g/L异菌脲悬浮剂","1kg/10瓶/箱","箱",2300,5,11500]
[95,"圃卫（80%敌敌畏乳油）","200 克/40袋/箱","箱",500,5,2500]
[96,"钻无忧(4.5%高效氯氰菊酯)","1200ml/袋×10 袋/桶","桶",300,100,30000]
[97,"钻无忧(4.5%高效氯氰菊酯)","100ml/ 瓶×35 瓶/箱","箱",300,100,30000]
[98,"噻虫嗪12.6% • 高氯氟9.4%微囊悬浮剂  "," 100ml/50瓶/箱 ","箱",1200,5,6000]
[99,"5%高效氯氟氰菊酯微乳剂 ","200ml/ 瓶×20 瓶/箱","箱",460,50,23000]
[100,"7%联苯•噻虫嗪悬浮剂","200克/20瓶/箱","箱",480,50,24000]
[101,"10%阿维•哒螨灵乳油 ","200ml/20瓶/箱 ","箱",400,5,2000]
[102,"39%螺虫•噻唪铜悬浮剂 ","100克/50瓶/箱","箱",2200,5,11000]
[103,"3.2%甲维盐•氯氰微乳剂"," 200克/20瓶/箱","箱",400,2,800]
[104,"5%毒•辛颗粒","1000克/10袋/箱","箱",220,10,2200]
[105,"使它（15%毒死蜱，辛硫磷颗粒）","1000 克/10 袋/箱","箱",450,30,13500]
[106,"秀剑套餐（喷雾防蛀干害虫）","10 套/箱","箱",1980,5,9900]
[107,"40%毒死蜱乳油","200ml/ 瓶×20 瓶/箱","箱",450,40,18000]
[108,"70%吡虫啉水分散粒剂","50克/50瓶/箱","箱",1500,10,15000]
[109,"1%阿维•29%灭幼脲悬浮剂","200克/20瓶/箱","箱",500,200,100000]
[110,"治蚁（8%高氯•残杀威悬浮剂）","200ml/ 20 瓶/箱","箱",600,10,6000]
[111,"2%甲维盐• 10%虫螨腈","20克/50袋/4盒/箱","箱",600,20,12000]
[112,"40%毒死蜱乳油","200ml/20瓶/箱","箱",400,10,4000]
[113,"甲刻（25%吡虫*25%杀虫单）","100克/10袋/箱","箱",2000,10,20000]
[114,"安备（1%双硫磷）","500克/袋","袋",35,20,700]
[115,"巨千（32%滴酸.草甘膦水剂）","1kg/12瓶/箱","箱",720,50,36000]
[116,"50%丁草鞍","65ml/50瓶/箱","箱",260,50,13000]
[117,"50%乙草胺","65ml/50瓶/箱","箱",250,50,12500]
[118,"醉红（33%草甘*3%氯氟吡）","150 克/48瓶/箱","箱",800,20,16000]
[119,"迅拿（2%乙羧*30%草甘膦）","150 克/40瓶/箱","箱",600,20,12000]
[120,"菊斗（30%二氯吡啶酸水剂）","100ml*50瓶/件","件",2000,20,40000]
[121,"25%啶嘧磺隆","4克/200袋/盒","盒",800,20,16000]
[122,"均合迪（108 克/升高效氟吡甲禾灵）","100 亳 升/50 瓶/箱","箱",2000,8,16000]
[123,"壹变静（24%乙氧氟草醚乳油）","100 亳 升/50 瓶/箱","箱",1000,10,10000]
[124,"难锄（480 克/升三氯吡氧乙酸乳油）","100 克/50袋/箱","箱",1500,10,15000]
[125,"焚草（200 克/升草铵膦）","200 毫 升/40 瓶/箱","箱",600,5,3000]
[126,"朴绿","200ml/40瓶/盒","箱",8800,5,44000]
[127,"水草静","550ml/20瓶/箱","箱",3200,5,16000]
[128,"氯氟吡氧乙酸异辛酯","10毫升/600 袋 /箱","箱",1800,5,9000]
[129,"生物有机肥（20%氮磷钾 *30%有机质*3%腐质酸）","20 公斤/袋","袋",80,100,{"$f":"E132*F132","v":8000}]
[130,"雨阳复混肥（22:8:15氮磷钾）","20公斤/袋","袋",160,200,32000]
[131,"卉尔康复混肥（15:8:7 氮磷钾）","25公斤/袋","袋",140,50,7000]
[132,"复合微生物菌肥 ","20kg/袋","袋",80,150,12000]
[133,"复合肥（16:16:16 氮磷钾）","40kg/袋","袋",160,100,16000]
[134,"活力源有机肥（0.30 亿/克活菌数*40%有机质）","20 公斤/袋","袋",78,5,390]
[135,"思它灵(12%氨基酸水溶肥料)","100ml/40瓶/箱","箱",440,10,4400]
[136,"雨阳(1.4%复硝酚钠)","25ml/150瓶/箱","箱",1500,3,4500]
[137,"46%尿素","50kg/袋","袋",200,100,20000]
[138,"普通 120 枝剪",null,"把",25,30,750]
[139,"130 枝剪",null,"把",35,10,350]
[140,"120 枝剪",null,"把",60,20,1200]
[141,"130DX 枝剪",null,"把",100,10,1000]
[142,"120DX 枝剪",null,"把",150,10,1500]
[143,"普通木柄270手锯",null,"把",25,20,500]
[144,"手锯270",null,"把",35,20,700]
[145,"350手锯",null,"把",80,10,800]
[146,"132KT 粗枝大力剪",null,"把",120,10,1200]
[147,"软草耙",null,"把",45,10,450]
[148,"硬草耙",null,"把",60,10,600]
[149,"2322 绿篱剪",null,"把",70,10,700]
[150,"2230 绿篱",null,"把",75,20,1500]
[151,"2103KT 绿篱剪",null,"把",100,20,2000]
[152,"1015 绿篱剪",null,"把",65,20,1300]
[153,"加长伸缩绿篱剪",null,"把",100,5,500]
[154,"5米高枝剪",null,"把",260,5,1300]
[155,"7.5米高枝剪",null,"把",400,10,4000]
[156,"枝剪弹簧",null,"个",18,50,900]
[157,"彩色木屑","50L/袋","袋",55,10,550]
[158,"40加厚涂层橡胶水带","20 米/卷","卷",100,300,30000]
[159,"40铝合金接扣(含卡箍)",null,"套",25,300,7500]
[160,"40塑料接扣（含卡箍）",null,"套",10,100,1000]
[161,"40铝合金接扣密封垫圈",null,"个",1,500,500]
[162,"40铝合金直流雾化水枪",null,"把",70,50,3500]
[163,"50加厚涂层橡胶水带","20 米/卷","卷",120,100,12000]
[164,"50铝合金接扣（含卡箍）",null,"套",25,100,2500]
[165,"50塑料接扣（含卡箍）",null,"套",15,100,1500]
[166,"50铝合金接扣密封垫圈",null,"个",1.2,100,120]
[167,"50水泵下水密封垫",null,"个",2,50,100]
[168,"50 铝合金直喷雾化枪",null,"把",80,30,2400]
[169,"50铝合金直流枪",null,"把",35,10,350]
[170,"原装50水泵铝合金接头",null,"套",25,50,1250]
[171,"原装50水泵塑料接头",null,"套",15,50,750]
[172,"原装50水泵铝合金管牙",null,"套",25,50,1250]
[173,"原装50水泵铝合金法兰",null,"只",45,5,225]
[174,"50 水泵塑料过滤网原装",null,"套",25,50,1250]
[175,"50 水泵钢丝进水管（加厚）6 米/根",null,"米",22,200,4400]
[176,"65 帆布十型消防水带","20 米/卷","卷",120,30,3600]
[177,"65 铝合金直流雾化枪",null,"把",80,10,800]
[178,"65 铝合金直流枪",null,"把",40,5,200]
[179,"65 铝合金接扣（含卡箍）",null,"套",28,30,840]
[180,"80 水泵橡胶密封垫圈",null,"个",2,50,100]
[181,"80 水泵钢丝进水管（加厚）6 米/根",null,"根",35,60,2100]
[182,"原装80水泵塑料过滤网",null,"套",35,20,700]
[183,"原装80水泵铝合金接头",null,"个",35,20,700]
[184,"原装80水泵塑料接头",null,"个",25,20,500]
[185,"50变25铝合金大小头",null,"只",20,50,1000]
[186,"50变40铝合金大小头",null,"只",28,50,1400]
[187,"65变50铝合金大小头",null,"只",30,30,900]
[188,"80变40铝合金大小头",null,"只",35,20,700]
[189,"80变65铝合金大小头",null,"只",35,30,1050]
[190,"20加厚PVC防爆塑料水管","长50m*厚3mm/卷","卷",200,10,2000]
[191,"25加厚PVC防爆塑料水管","长40m*厚3mm/卷","卷",280,30,8400]
[192,"32加厚PVC防爆塑料水管","长40m*厚4mm/卷","卷",380,10,3800]
[193,"25塑料水管接扣（含卡箍）",null,"套",4,100,{"$f":"E196*F196","v":400}]
[194,"25 铝合金雾化枪",null,"把",25,20,500]
[195,"25 塑料雾化枪",null,"把",20,10,200]
[196,"消防扳手",null,"把",25,30,750]
[197,"地下消防扳手","1 米/根","把",85,5,425]
[198,"地下消防扳手","1.5米/根","把",95,5,475]
[199,"3吨塑料浇水桶",null,"只",1500,1,1500]
[200,"5吨塑料浇水桶",null,"只",2800,1,2800]
[201,"灭蝇笼",null,"只",20,50,1000]
[202,"3.0 打草绳","1 斤/装","装",40,20,800]
[203,"进口打草绳","86 米/卷","卷",100,10,1000]
[204,"进口斯蒂尔14 寸油锯链条","50 节/根","根",110,40,4400]
[205,"进口斯蒂尔12 寸油锯链条","44 节/根","根",100,20,2000]
[206,"共立 12 寸链条","47 节/根","根",105,20,2100]
[207,"共立 14 寸链条","53 节/根","根",115,20,2300]
[208,"16 寸油锯链条","55 节/根","根",120,20,2400]
[209,"2T 机油 50:1 配比油","946ml/瓶","瓶",45,50,2250]
[210,"4T 机油","650ml/瓶","瓶",35,20,700]
[211,"4T 机油","3.5L/瓶","瓶",105,30,3150]
[212,"高温黄油","600 克/瓶","瓶",45,30,1350]
[213,"链条锉刀",null,"根",15,20,300]
[214,"猛钢割灌机刀片",null,"副",45,10,450]
[215,"割灌机普通刀片",null,"副",25,10,250]
[216,"割灌机尼龙头",null,"个",70,20,1400]
[217,"火花塞国产（二、四冲程）",null,"只",15,10,150]
[218,"火花塞进口（二、四冲程）",null,"只",25,20,500]
[219,"12寸油锯导板","斯蒂尔原装","片",280,3,840]
[220,"14寸油锯导板","斯蒂尔原装","片",290,3,870]
[221,"16寸油锯导板","斯蒂尔原装","片",300,2,600]
[222,"12 寸油锯导板","共立原装","片",260,3,780]
[223," 14 寸油锯导板","共立原装","片",280,2,560]
[224,"82T 绿篱机刀片","斯蒂尔原装","副",680,2,1360]
[225,"微耕机拖栏 JQ500","日本本田","套",260,2,520]
[226,"微耕机皮带 JQ500","日本本田","根",188,5,940]
[227,"塑料小喷壶","1.5L/个","个",20,5,100]
[228,"16L 手压式打药机",null,"台",60,20,1200]
[229,"16L 电动打药机",null,"台",200,10,2000]
[230,"草坪机 20 寸刀片",null,"付",100,5,500]
[231,"4L 微耕机齿轮油","1L/瓶","瓶",90,2,180]
[232,"水泵启动总成",null,"套",95,10,950]
[233,"微耕机刀片 JQ500",null,"套",680,2,1360]
[234,"微耕机引擎底座组合 JQ500",null,"套",1000,2,2000]
[235,"加厚防水迷彩裤",null,"套",95,10,950]
[236,"300升打药机进水管","1 米/根","根",45,5,225]
[237,"柴油塑料桶","25 升/只","只",35,50,1750]
[238,"10L 汽油桶",null,"只",35,10,350]
[239,"20L 汽油桶",null,"只",65,10,650]
[240,"30L 汽油桶",null,"个",75,5,375]
[241,"160L 打药机出水管8mm","50米/ 卷（高压）","卷",240,10,2400]
[242,"300L 打药机出水管 13mm","50米/ 卷（高压）","卷",260,10,2600]
[243,"手推式打药机传动皮带",null,"根",25,10,250]
[244,"玻璃钢垃圾板车",null,"辆",800,10,8000]
[245,"遮阳网 8 米*50 米","400 平方/卷","卷",680,10,6800]
[246,"遮阳网 4 米*50 米","200 平方/卷","卷",400,50,20000]
[247,"遮阳网 3 米*50 米","150 平方/卷","卷",300,50,15000]
[248,"遮阳网 2米*100米","200 平方/卷","卷",400,50,20000]
[249,"手推劳动车",null,"辆",260,10,2600]
[250,"割草机启动绳",null,"根",10,10,100]
[251,"共立350ES刀片压块",null,"个",35,5,175]
[252,"共立 350ES 手油泵",null,"个",25,5,125]
[253,"防水彩条布","6米 *50米/卷","卷",380,50,19000]
[254,"标准薄膜大鹏成型管","8.3 米/根","根",18,100,1800]
[255,"长寿无滴膜 8 丝",null,"公斤",25,500,12500]
[256,"大棚卞槽",null,"米",6,1000,6000]
[257,"卡丝",null,"米",3,1000,{"$f":"E260*F260","v":3000}]
[258,"压膜绳",null,"斤",16,500,8000]
[259,"大棚胶木卡","8 厘米/个","个",3,1000,3000]
[260,"大棚标准管","1 米/根","根",25,100,2500]
[261,"铝合金卫生钳",null,"把",25,50,1250]
[262,"汽车轮胎充气泵（配压力表）",null,"台",380,1,380]
[263,"120 空滤芯","斯蒂尔","个",20,20,400]
[264,"82T 空滤芯","斯蒂尔","个",20,20,400]
[265,"割灌机钢丝防护面罩",null,"把",25,10,250]
[266,"绿化四针防尘网（绿色）","8 米 *50米/卷","卷",100,50,5000]
[267,"吊树夹板","1.2 米/根","根",3,10000,30000]
[268,"192 油锯空滤总成",null,"只",35,2,70]
[269,"192 油锯启动弹簧",null,"个",55,2,110]
[270,"300L 高空打药机大枪","1.2米/把","把",150,5,750]
[271,"300L 高空打药机小枪","80厘米/把","把",45,5,225]
[272,"四米毛竹梯",null,"把",180,5,900]
[273,"五米毛竹梯",null,"把",200,10,2000]
[274,"六米毛竹梯",null,"把",220,2,440]
[275,"仿真加密加厚草坪（阻燃）","15mm/ 平方","平方",260,100,26000]
[276,"仿真加密加厚草坪（阻燃）","20mm/ 平方","平方",900,20,18000]
[277,"垃圾桶内胆","30*43/只","只",55,100,5500]
[278,"麻袋","130cm*100cm/个","个",1.5,100,150]
[279,"扫雪机百立通化油器",null,"只",380,2,760]
[280,"竹杆子","5 米/根","根",100,20,2000]
[281,"小彩旗","40 米/袋","袋",15,50,750]
[282,"6 角磁力消防扳",null,"把",180,10,1800]
[283,"三普挖树机刀片",null,"付",350,1,350]
[284,"树枝粉碎机刀片","强力600型锰钢材质","付",1080,2,2160]
[285,"控根容器","宽 80mm/平方","平方",7,500,3500]
[286,"园艺地布","宽 1.5m/ 平方","平方",5,500,2500]
[287,"园艺地布","宽 2m/ 平方","平方",6,500,3000]
[288,"加厚安全帽",null,"顶",45,100,4500]
[289,"FS120 反牙螺母",null,"个",25,10,250]
[290,"FS120 刀片压块",null,"个",25,10,250]
[291,"FS120 刀片托盘","斯蒂尔原装","个",35,20,700]
[292,"FS120 主动轴","斯蒂尔原装","根",180,2,360]
[293,"FS120 传动杆","斯蒂尔原装","根",190,2,380]
[294,"FS120 齿轮头总成","斯蒂尔原装","套",450,2,900]
[295,"FS120 化油器","斯蒂尔原装","个",350,3,1050]
[296,"FS120 点火模块","斯蒂尔原装","个",300,3,900]
[297,"82T化油器","斯蒂尔原装","个",320,5,1600]
[298,"82T 点火模块","斯蒂尔原装","个",300,3,900]
[299,"82T 汽缸总成","斯蒂尔原装","套",450,3,1350]
[300,"82T 刀片","斯蒂尔原装","副",650,2,1300]
[301,"82T 连杆","斯蒂尔原装","个",130,3,390]
[302,"微耕机化油器 FJ500",null,"个",380,2,760]
[303,"绿化隔离带","10cm/米","米",2.5,100,250]
[304,"绿化隔离带","15cm/米","米",3,100,300]
[305,"绿化隔离带","20cm/米","米",4,100]